000 01318nam a2200337Ia 4500
001 ebr10364730
003 CaPaEBR
006 m u
007 cr cn|||||||||
008 000407s2000 njua sb 001 0 eng d
010 _z 00039976
020 _z0691070377 (alk. paper)
020 _z0691070385 (pbk. : alk. paper)
020 _z9780691070384
040 _aCaPaEBR
_cCaPaEBR
035 _a(OCoLC)609870937
050 1 4 _aQH491
_b.B595 2000eb
100 1 _aBonner, John Tyler.
245 1 0 _aFirst signals
_h[electronic resource] :
_bthe evolution of multicellular development /
_cJohn Tyler Bonner.
260 _aPrinceton, N.J. :
_bPrinceton University Press,
_cc2000.
300 _axi, 146 p. :
_bill.
504 _aIncludes bibliographical references (p. 135-142) and index.
533 _aElectronic reproduction.
_bPalo Alto, Calif. :
_cebrary,
_d2010.
_nAvailable via World Wide Web.
_nAccess may be limited to ebrary affiliated libraries.
650 0 _aCell interaction.
650 0 _aCells
_xEvolution.
650 0 _aDevelopmental biology.
650 0 _aDevelopmental cytology.
655 7 _aElectronic books.
_2local
710 2 _aebrary, Inc.
856 4 0 _uhttp://site.ebrary.com/lib/rucke/Doc?id=10364730
_zAn electronic book accessible through the World Wide Web; click to view
999 _c214282
_d214282